Great artists live in Prague Lazar Berman /

Hlavní autor: Berman, Lazar' N., 1930-2005
Další autoři: Liszt, Ferenc, 1811-1886., Liszt, Ferenc, 1811-1886., Schubert, Franz, 1797-1828., Janáček, Leoš, 1854-1928., Šostakovič, Dmitrij Dmitrijevič, 1906-1975., Falla, Manuel de, 1876-1946.
Jazyk: Čeština
Vydáno: Prague : Radioservis, p2010
Edice: Great artists live in Prague
Radioservis live
Témata:
Fyzický popis: 1 zvuková deska (66:41) : digital, stereo ; 12 cm
Zvukové nahrávky
Uloženo v:
LEADER 02639njm a2200577 a 4500
001 001114468
003 CZ BrMZK
005 20241010124944.0
007 sd fsngnnmmned
008 100908p20101982xr mun g f cze d
024 3 |a 8590236050020 
028 0 1 |a CR0500-2  |b Radioservis 
040 |a BOA001  |b cze 
041 0 |g eng  |g cze 
047 |a sn  |a zz  |a pr 
048 |a ka01 
072 7 |a 786  |x Hudba pro klávesové nástroje  |2 Konspekt  |9 9 
080 |a 786.2.082.2  |2 MRF 
080 |a 786.2.083  |2 MRF 
080 |a 786.2.083.2  |2 MRF 
080 |a (086.76)  |2 MRF 
100 1 |a Berman, Lazar' N.,  |d 1930-2005  |7 mzk2005272916  |4 itr 
245 1 0 |a Great artists live in Prague  |h [zvukový záznam].  |p Lazar Berman /  |c Liszt, Janáček, Shostakovich, Falla 
246 3 0 |a Lazar Berman 
246 1 8 |a Lazar Berman in Prague 
260 |a Prague :  |b Radioservis,  |c p2010 
300 |a 1 zvuková deska (66:41) :  |b digital, stereo ;  |c 12 cm 
306 |a 010641 
490 1 |a Great artists live in Prague 
490 1 |a Radioservis live 
500 |a Kompaktní deska (ADD) 
500 |a Poznámka Vít Roubíček 
505 0 0 |t Sonáta h moll =  |t Sonata in B minor --  |t Kaplička Viléma Tella =  |t Chapelle de Guillaume Tell --  |t Král duchů =  |t Erlkönig /  |r Franz Liszt --  |t 1.X.1905 /  |r Leoš Janáček --  |t 24 preludií, op. 34 =  |t 24 preludes, op. 34 /  |r Dmitrij Šostakovič --  |t Ohňový tanec =  |t Danza del fuego /  |r Manuel de Falla 
511 0 |a Lazar Berman, kavír 
518 |a Nahráno živě na koncertě ve Dvořákově síni pražského Rudolfina konaném 26. května 1982 
650 0 7 |a sonáty (klavír)  |7 ph125842  |2 czenas 
650 0 7 |a drobné skladby (klavír)  |7 ph317273  |2 czenas 
650 0 7 |a preludia (klavír)  |7 ph501484  |2 czenas 
655 7 |a kompaktní desky  |7 fd201991  |2 czenas 
700 1 2 |a Liszt, Ferenc,  |d 1811-1886.  |t Sonáta,  |m klavír,  |r h moll  |7 aun2007388999 
700 1 2 |a Liszt, Ferenc,  |d 1811-1886.  |t Années de pèlerinage,  |n 1ère année.  |p Chapelle de Guillaume Tell  |7 aun2010606220 
700 1 2 |a Schubert, Franz,  |d 1797-1828.  |t Erlkönig;  |o aranžmá  |7 aun2010606259 
700 1 2 |a Janáček, Leoš,  |d 1854-1928.  |t Sonáta 1.X.1905  |7 aun2006373003 
700 1 2 |a Šostakovič, Dmitrij Dmitrijevič,  |d 1906-1975.  |t Preludia,  |m klavír,  |n op. 34.  |k Výběr  |7 aun2010606352 
700 1 2 |a Falla, Manuel de,  |d 1876-1946.  |t Amor brujo.  |p Danza ritual del fuego  |7 aun2010606345 
830 0 |a Great artists live in Prague 
830 0 |a Radioservis live 
910 |a BOA001  |b CDR-1236.960 
990 |a AV 
991 |b 201009 
996 6 |b 2610447448  |c CDR-1236.960  |l MZK  |r Sklad / do 24 hodin  |n 0  |p p.v.  |w 001142532  |u 000010  |a 1  |e BOA001  |j MZK50  |s P